header

The global studio (Record no. 111782)

MARC details
000 -LEADER
fixed length control field 01515nam a2200349Ia 4500
100 1# - MAIN ENTRY--AUTHOR NAME
Personal name Bohemia, Erik.
245 14 - TITLE STATEMENT
Title The global studio
260 ## - PUBLICATION, DISTRIBUTION, ETC. (IMPRINT)
Place of publication Amsterdam, The Netherlands :
Name of publisher IOS Press,
Year of publication c2009.
300 ## - PHYSICAL DESCRIPTION
Number of Pages xii, 100 p. :
Other physical details ill. chiefly col.), col. maps.
490 1# - SERIES STATEMENT
Series statement Research in design series,
650 #0 - SUBJECT ADDED ENTRY--TOPICAL TERM
Topical Term Industrial design
Topical Term Industrial design
700 1# - ADDED ENTRY--PERSONAL NAME
Personal name Harman, Kerry.
Personal name Lauche, Kristina.
856 40 - ELECTRONIC LOCATION AND ACCESS
Uniform Resource Identifier http://site.ebrary.com/lib/rucke/Doc?id=10363639

No items available.

© 2026 Rongo University
Contact us: librarian | system librarian | Rongo university